000 00284nam a2200121Ia 4500
008 240731s9999 xx 000 0 und d
022 _a1557-3028
245 0 _aGeopolitics
260 _bRoutledge
856 _uhttps://www.tandfonline.com/loi/fgeo20
942 _2ddc
942 _cTFEJ
999 _c76727
_d76727
945 _a1
_bMadushi Gamage
_c1
_dMadushi Gamage